00405 2200157 4500001002100000008004100021035002000062245003100082100002300113260003100136300002000167020000600187082001000193650003100203990001300234INLIS000000000001170 ind  a0010-0423001170 aKANCIL MENGALAHKAN RAKSASA aMB. RAHIMSYAH A.R. aSURABAYAbSERBA JAYAc2010 a24 hlm.c20 cm. a- a398.5 aBUKU-BUKU DONGENG , BALADA a102766-1